| 000 | 01086nam a2200277Ia 4500 | ||
|---|---|---|---|
| 003 | OSt | ||
| 005 | 20220923211157.0 | ||
| 006 | a|||||r|||| 00| 0 | ||
| 007 | ta | ||
| 008 | 220922b |||||||| |||| 00| 0 hin d | ||
| 020 |
_a8188029114 (hbk) _c175 |
||
| 024 | _a235,805 | ||
| 037 |
_b456, 24/03/2008, Swaraj Prakashan _cTextual |
||
| 040 |
_aARTS _cARTS _bhin |
||
| 041 |
_2hin _ahin |
||
| 082 | _aO157,3NRA,MS, 152P7 | ||
| 100 |
_aत्यागी, भीमसैन; राय, सत्यजीत _9159194 |
||
| 245 | 0 | _aमगरमच्छ का शिकार | |
| 246 | _aMagaramachchha kā shikāra | ||
| 260 |
_aदिल्ली _b जनचेतना प्रकाशन _c2007 |
||
| 300 |
_a152पृ. _ccm. |
||
| 490 | _aकिशोर उपन्यास क्रम - 11 | ||
| 650 |
_aबंगाली साहित्य _9156264 |
||
| 942 |
_hO157,3NRA,MS, 152P7 _cTEXL _2CC |
||
| 999 |
_c296384 _d296384 |
||